عرض عادي
عرض مارك
- Medical rehabilitation.
مدخل مصطلح موضوعي
001 - رقم الضبط
- حقل الضبط: 75074
003 - معرف رقم الضبط
- حقل الضبط: OSt
005 - تاريخ ووقت أخر عملية
- حقل الضبط: 20190822140655.0
008 - عناصر بيانات ثابتة الطول
- حقل تحكم ثابت الطول: 190822|| aca||aabn | a|a d
040 ## - مصدر الفهرسة
- هيئة الفهرسة الأصلية: OSt
- وكالة الكتابة: OSt
150 ## - مدخل-- مصطلح تاريخي
- عنصر مدخل المصطلح الموضوعي او الاسم الجغرافي: Medical rehabilitation.
670 ## - بيانات المصدر موجوده
- الاستشهاد بالمصدر: Work cat.: (OSt)0: Lundy-Ekman, Laurie, author. 75071, Neuroscience :, [2018]
